000 00697nam a22002055i 4500
001 158300
003 ES-MaACL
005 20230906211106.0
008 040826s1893 xxk |||| | eng d
040 _aCAM
_bspa
_cCAM
100 1 _aLytton, Edward Bulwer Lytton
_cBaron.
_974965
245 1 0 _aErnest Maltravers /
_cby Lord Lytton.
250 _aAuthor's rev. ed.
260 _aLondon ;
_aNew York :
_bGeorge Routledge and sons,
_c[s.a.] (
_fCharles Dickens and Evans)
300 _a156 p. ;
_c22 cm.
596 _aEl BLPC fecha esta obra en 1893.
752 _aGran BretaƱa -
_dLondres
752 _aEstados Unidos -
_dNueva York
852 _aES-MaACL
_jB-5646
_z-- Rust. muy deteriorada
999 _c158300
_d158300